Businesslaw.gov (Record no. 120067)

MARC details
000 -LEADER
fixed length control field 00766cam a2200205 4500
001 - CONTROL NUMBER
control field WS118647
008 - FIXED-LENGTH DATA ELEMENTS--GENERAL INFORMATION
fixed length control field 020702n 000 0 eng u
035 ## - SYSTEM CONTROL NUMBER
System control number (Sirsi) u118647
245 ## - TITLE STATEMENT
Title Businesslaw.gov
520 ## - SUMMARY, ETC.
Summary, etc. Web site for this online resource guide designed to provide legal and regulatory information to US small businesses. Includes pages on starting a business, handling finances, managing employees and getting out of business.
650 ## - SUBJECT ADDED ENTRY--TOPICAL TERM
Topical term or geographic name entry element USA
650 ## - SUBJECT ADDED ENTRY--TOPICAL TERM
Topical term or geographic name entry element INTERNATIONAL
650 ## - SUBJECT ADDED ENTRY--TOPICAL TERM
Topical term or geographic name entry element GOVERNMENT
650 ## - SUBJECT ADDED ENTRY--TOPICAL TERM
Topical term or geographic name entry element SMALL BUSINESSES
650 ## - SUBJECT ADDED ENTRY--TOPICAL TERM
Topical term or geographic name entry element FINANCE
650 ## - SUBJECT ADDED ENTRY--TOPICAL TERM
Topical term or geographic name entry element HUMAN RESOURCES
690 ## - LOCAL SUBJECT ADDED ENTRY--TOPICAL TERM (OCLC, RLIN)
Topical term or geographic name as entry element MANAGEMENT-BUSINESS MANAGEMENT
856 40 - ELECTRONIC LOCATION AND ACCESS
Uniform Resource Identifier <a href="https://www.businesslaw.gov.">https://www.businesslaw.gov.</a>
Public note View the website free of charge at www.businesslaw.gov....
942 ## - ADDED ENTRY ELEMENTS (KOHA)
Suppress in OPAC 0
Holdings
Withdrawn status Lost status Source of classification or shelving scheme Damaged status Not for loan Home library Current library Shelving location Date acquired Total Checkouts Full call number Barcode Date last seen Copy number Price effective from Koha item type
    Dewey Decimal Classification     Virtual Virtual Online 02/07/2002   WEB SITE 118647-2001 06/08/2019 1 06/08/2019 Online material